000 01175nam a2200361Ia 4500
001 dia_7307
003 CHAP
005 20240417135859.0
008 220601s9999 xx 000 0 und d
020 _a84-7114-700-9
040 _aCHAP
082 _a663.222 R67 1998
100 _aRosa, Tullio de
_9134969
240 _aTecnologia dei vini bianchi. Español
245 _aTecnología de los vinos blancos / Tullio De Rosa ; traducción Ana Casp Vanaclocha y Alfredo González Salgueiro
260 _aEspaña : Mundi-Prensa
300 _a527 p.
500 _aTítulo original: Tecnologia dei vini bianchi
503 _aC.
504 _aIncluye bibliografías
590 _aTP548 R67 1998
650 _a1. Vinos blancos - Análisis
650 _aViticultura - Italia
650 _aVinificación
_9151244
650 _aWhite wines - Analysis
650 _aViticulture - Italy
650 _aWinemaking
_9151246
700 _aCasp Vanaclocha, Ana, tr. \ González Salgueiro, Alfredo, tr.Ì
_9176500
901 _a663.222 R67 1998
902 _aA
905 _a5232271998 sp aimn8222223322spa16
942 _cLIBRO
_2ddc
999 _c209726
_d209726